Diversification's no answer (Record no. 68673)

MARC details
000 -LEADER
fixed length control field 01087cam a2200229 4500
001 - CONTROL NUMBER
control field WB3740-30
008 - FIXED-LENGTH DATA ELEMENTS--GENERAL INFORMATION
fixed length control field 011025n2001 000 0 eng u
035 ## - SYSTEM CONTROL NUMBER
System control number (Sirsi) u115309
245 ## - TITLE STATEMENT
Title Diversification's no answer
260 ## - PUBLICATION, DISTRIBUTION, ETC.
Date of publication, distribution, etc. 2001
490 ## - SERIES STATEMENT
Series statement Farmers' Weekly
Volume/sequential designation 135(16) 19 October 2001, 24(1)
520 ## - SUMMARY, ETC.
Summary, etc. According to analysis by Lloyds TSB Scotland, diversification is not the answer to farming's current problems. The Scottish Executive recently published figures for 1999/2000 farm incomes in Scotland provide 'definite proof' that diversification does not offer the solution to farmer's financial troubles says Donald MacRae, head of agricultural services with Lloyds. Farm incomes in Scotland for 1999/2000 available on the Scottish Executive web site at http://www.scotland.gov.uk/library3/agri/fis00-15.asp
590 ## - LOCAL NOTE (RLIN)
Local note WB
650 ## - SUBJECT ADDED ENTRY--TOPICAL TERM
Topical term or geographic name entry element SCOTLAND
650 ## - SUBJECT ADDED ENTRY--TOPICAL TERM
Topical term or geographic name entry element FARM INCOMES
650 ## - SUBJECT ADDED ENTRY--TOPICAL TERM
Topical term or geographic name entry element STATISTICS
650 ## - SUBJECT ADDED ENTRY--TOPICAL TERM
Topical term or geographic name entry element AGRICULTURAL INDUSTRY
650 ## - SUBJECT ADDED ENTRY--TOPICAL TERM
Topical term or geographic name entry element DIVERSIFICATION
650 ## - SUBJECT ADDED ENTRY--TOPICAL TERM
Topical term or geographic name entry element LLOYDS TSB SCOTLAND
690 ## - LOCAL SUBJECT ADDED ENTRY--TOPICAL TERM (OCLC, RLIN)
Topical term or geographic name as entry element RURAL-FARM BUSINESS MANAGEMENT
942 ## - ADDED ENTRY ELEMENTS (KOHA)
Suppress in OPAC 0
Holdings
Withdrawn status Lost status Source of classification or shelving scheme Damaged status Not for loan Home library Current library Shelving location Date acquired Total Checkouts Full call number Barcode Date last seen Copy number Price effective from Koha item type
    Dewey Decimal Classification     London London News article 25/10/2001   WB3740-30 115309-1001 06/08/2019 1 06/08/2019 News article